Oceňovanie obligácií

Bibliographic Details
Main Author: Hrvoľová, Božena (Author)
Format: Article
Language:Slovak
PhysicalDescription:Tab. 2, lit. 9 zázn. v angl., češ., slov.
ISSN:1335-0900
Subjects:

MARC

LEADER 00000nab a2200000 a 4500
001 vtls000634506
003 SK-MaSNL
005 20260304095205.0
008 250425c1997 xo 0 slo
015 |a SNBRB19rr/mm-uuuuu 
035 |a CL0634645 
035 |a urn:nbn:sk:snk-ab25rr 
035 |a (urnnbn)urn:nbn:sk:snk:ar-a01ppv 
035 |a (uuid)2b94451a-ed77-4d98-9cbf-5d9348f9fe31 
040 |a SNKBUCL  |b slo  |c SNKBUCL  |e AACR2 
041 0 |a slo 
044 |a xo  |c SK 
080 |a 336.763.3  |2 1981 
100 1 |a Hrvoľová, Božena  |4 aut  |9 291305 
245 1 0 |a Oceňovanie obligácií  |c Božena Hrvoľová 
300 |b Tab. 2, lit. 9 zázn. v angl., češ., slov. 
650 0 7 |a obligácie  |2 snkbucl  |9 14657 
655 7 |a články z novín a časopisov  |2 snkbucl  |9 267496 
773 0 |t Biatec  |g Roč. 5, č. 7 (1997), s. 6-9  |x 1335-0900 
850 |a Slovenská národná knižnica 
852 |a Slovenská národná knižnica 
954 |a odborná, vedecká literatúra pôvodná (slovenská)  |2 lita 
958 |a article2022 
958 |a NB 
958 |a RK 
958 |a OND 
958 |a EUIPO 
992 |a RBX 
999 |c 2831270  |d 2833200